00616nam a2200169Ia 4500008004100000020001800041041000800059082001700067100002000084245011400104250000600218260003900224300001300263650002500276999001900301952012600320210716s2011 xx 000 0 und d a9789380156064 aeng a657.834 JAYS aJayapandian, S. aAccounting for managers: effective techniques for decision making.bEffective techniques for decision making. a3 aNew DelhibAne Books PVT LTDc2011 axiii,628 aFinancial Accounting c207599d207599 001040708MBAaAIMITbAIMITd2012-10-22g350.00l0o657.834 JAYSpMBA10165r2026-05-23 00:00:00v262.50w2021-07-16yBK